LEADER 01187nam a2200301 a 4500 001 000000138002 003 CaOOAMICUS 005 20140407114651.0 008 140407s1991 enk u000 u eng r 020 $z0851152821* 040 $aPUL$bita 041 1 $aeng$hlat 082 04$a273.5 245 04$aThe Letters of Pelagius and his followers /$c[edited and translated by] B.R. Rees. 260 $aWoodbridge, Suffolk ;$aRochester, NY :$bBoydell,$c1991. 300 $a355 p. ;$c24 cm 500 $aInclude indice. 504 $aBibliografia p. [345]-347. 650 4$aPelagianesimo.$0(OLS)http://pul/subject/6732 700 1 $aRees, B. R.,$d1919-$0(OLS)http://pul/name/89022 850 $aPUL 852 $aPUL$W1$xDP2 Religione 3$y114$m273. 5 REEBR 1$j159068$qDDC 21$B158618$CPULBib$Z2$F158618 $H91156 $82 941 1 $a9 996 $6020$z0851152821*$9(OLS)http://pul/number/154984 996 $6082$a273.5$9(OLS)http://pul/classification/2622 996 $6245$aThe Letters of Pelagius and his followers$9(OLS)http://pul/title/174737 996 $6260$aWoodbridge, Suffolk ;$aRochester, NY :$bBoydell$9(OLS)http://pul/publisher/75984 LEADER 01235nam a2200301 u 4500 001 000000080247 003 CaOOAMICUS 005 20070226123627.0 008 040706s1994 gw u000 u ger u 020 $a379171421X 035 $a11003227 040 $aPUL$bita 130 0 $aBiblia.$pN.T.$pActus apostolorum.$lTedesco.$0(OLS)http://pul/title/41196 245 14$aDie Apostelgeschichte /$cübersetzt und erklärt von Josef Zmijewski. 260 $aRegensburg :$bPustet,$cc1994. 300 $a971 p. ;$c23 cm 490 1 $aRegensburger Neues Testament 500 $aIndici in appendice. 504 $aBibliografia : p. 894-917. 630 04$aBiblia.$pN.T.$pActus apostolorum$xCommenti.$0(OLS)http://pul/subject/10480 700 1 $aZmijewski, Josef.$0(OLS)http://pul/name/53503 830 0$aRegensburger Neues Testament.$0(OLS)http://pul/title/18282 850 $aPUL 852 $aPUL$W1$xSL Religione 1$y3$m5 T 5$j102505$nBK-PRI$b $qStampati$B102505$CPULBib$Z2$F102505 $HPUL95639 $81 941 1 $a8 996 $6020$a379171421X$9(OLS)http://pul/number/105997 996 $6245$aDie Apostelgeschichte$9(OLS)http://pul/title/41197 996 $6260$aRegensburg :$bPustet$9(OLS)http://pul/publisher/61617